Cosa resta del padre? : la paternità nell'epoca ipermoderna /
Na minha lista:
| Autor principal: | |
|---|---|
| Formato: | Livro |
| Idioma: | Língua italiana |
| Publicado em: |
Milano :
Raffaello Cortina,
2011
|
| Colecção: | I fili
|
| Assuntos: | |
| Tags: |
Sem tags, seja o primeiro a adicionar uma tag!
|
MARC
| LEADER | 00000nam a2200000 i 4500 | ||
|---|---|---|---|
| 001 | IT\ICCU\LO1\1349520 | ||
| 003 | ItRI | ||
| 005 | 20260115232118.0 | ||
| 008 | 110321s2011 it |||||| ||||| |||||c | ||
| 015 | |2 IT |a 2011-2132 | ||
| 020 | |a 9788860303844 | ||
| 040 | |b ita |c importazione bologna sebina | ||
| 041 | 7 | |a ita |2 ISO-639-2 | |
| 082 | |a 155.6462 |9 PSICOLOGIA DEGLI ADULTI IN CONDIZIONE DI GENITORI. PADRI |2 22 | ||
| 100 | 1 | |a Recalcati, Massimo |0 IT\ICCU\LO1V\042172 |4 aut | |
| 245 | 1 | 0 | |a Cosa resta del padre? : |b la paternità nell'epoca ipermoderna / |c Massimo Recalcati. |
| 260 | |a Milano : |b Raffaello Cortina, |c 2011 | ||
| 300 | |a 189 p. ; |c 22 cm. | ||
| 650 | 7 | |a Paternità | |
| 830 | 2 | |a I fili |0 IT\ICCU\RAV\1472492 | |
| 942 | |2 ddc |c BK |n 0 | ||
| 952 | |0 0 |1 0 |4 0 |6 DOC_155_640000000000000_REC |7 0 |9 20258 |a BO |b BO |d 2026-01-15 |i 19885 |l 0 |o DOC 155.64 REC |p BO19885 |r 2026-01-15 23:21:18 |w 2026-01-15 |x [Sebina 5] [1 v.] |y BK |z 1 v. | ||
| 999 | |c 17284 |d 17284 | ||